Science Quiz

Random Science or Chemistry Quiz
Score 0/11 Timer 05:00
1 Play Today
% Correct
Constituents of an Atom
94.8%
Types of Rock
91.1%
Heat Transfer Methods
88.6%
Bodies Involved in an Eclipse
86%
Primary Light Colors
80.4%
Spatial Dimensions
77.1%
Phases (Common)
76.9%
Elbow Bones
70.9%
Laws of Motion (Newton)
64.6%
Molecules of Central Dogma in Biology
46.4%
Laws of Planetary Motion (Kepler)
30.1%
Remove Ads.
Support Sporcle.
Get the best of Sporcle when you Go Orange. This ad-free experience offers more features, more stats, and more fun while also helping to support Sporcle. Thank you for becoming a member.

You're not logged in!

Compare scores with friends on all Sporcle quizzes.
OR
Log In

Show Comments

Extras

Top Quizzes Today


Score Distribution

Your Account Isn't Verified!

In order to create a playlist on Sporcle, you need to verify the email address you used during registration. Go to your Sporcle Settings to finish the process.

Report this User

Report this user for behavior that violates our Community Guidelines.

Details: